All teams Manchester United have played in European football - Statistics

General Stats
  • This quiz has been taken 52 times
  • The average score is 149 of 225
Answer Stats
Country Competition Season Round Answer % Correct
Spain Cup Winners Cup 1983-84 QF Barcelona
95%
Spain Cup Winners Cup 1990-91 Final Barcelona
95%
Spain Champions League 1994-95 GS Barcelona
95%
Spain Champions League 1998-99 GS Barcelona
95%
Spain Champions League 2007-08 SF Barcelona
95%
Spain Champions League 2008-09 Final Barcelona
95%
Spain Champions League 2010-11 Final Barcelona
95%
Spain Champions League 2018-19 QF Barcelona
95%
Spain Europa League 2022-23 KO Barcelona
95%
Spain European Cup 1956-57 SF Real Madrid
95%
Spain European Cup 1967-68 SF Real Madrid
95%
Spain Champions League 1999-00 QF Real Madrid
95%
Spain Champions League 2002-03 QF Real Madrid
95%
Spain Champions League 2012-13 R16 Real Madrid
95%
Spain European Super Cup 2017-18 Final Real Madrid
95%
Germany Champions League 1998-99 GS Bayern Munich
93%
Germany Champions League 1998-99 Final Bayern Munich
93%
Germany Champions League 2000-01 QF Bayern Munich
93%
Germany Champions League 2001-02 GS2 Bayern Munich
93%
Germany Champions League 2009-10 QF Bayern Munich
93%
Germany Champions League 2013-14 QF Bayern Munich
93%
Germany Champions League 2023-24 GS Bayern Munich
93%
West Germany European Cup 1956-57 R1 Borussia Dortmund
93%
West Germany Fairs Cup 1964-65 R2 Borussia Dortmund
93%
Germany Champions League 1996-97 SF Borussia Dortmund
93%
Scotland Champions League 2006-07 GS Celtic
93%
Scotland Champions League 2008-09 GS Celtic
93%
Spain Cup Winners Cup 1991-92 R2 Atletico Madrid
91%
Spain Champions League 2021-22 R16 Atletico Madrid
91%
Italy Champions League 1998-99 QF Inter Milan
91%
Italy Champions League 2008-09 R16 Inter Milan
91%
Italy UEFA Cup 1976-77 R2 Juventus
91%
Italy Cup Winners Cup 1983-84 SF Juventus
91%
Italy Champions League 1996-97 GS Juventus
91%
Italy Champions League 1997-98 GS Juventus
91%
Italy Champions League 1998-99 SF Juventus
91%
Italy Champions League 2002-03 GS2 Juventus
91%
Italy Champions League 2018-19 GS Juventus
91%
Italy European Cup 1957-58 SF AC Milan
89%
Italy European Cup 1968-69 SF AC Milan
89%
Italy Champions League 2004-05 R16 AC Milan
89%
Italy Champions League 2006-07 SF AC Milan
89%
Italy Champions League 2009-10 R16 AC Milan
89%
Italy Europa League 2020-21 R16 AC Milan
89%
Netherlands UEFA Cup 1976-77 R1 Ajax
89%
Netherlands Europa League 2011-12 R32 Ajax
89%
Netherlands Europa League 2016-17 Final Ajax
89%
Portugal Cup Winners Cup 1977-78 R2 FC Porto
89%
Portugal Champions League 1996-97 QF FC Porto
89%
Portugal Champions League 2003-04 R16 FC Porto
89%
Portugal Champions League 2008-09 QF FC Porto
89%
Portugal Europa League 2024-25 GS FC Porto
89%
France Champions League 2018-19 R16 Paris Saint-Germain
89%
France Champions League 2020-21 GS Paris Saint-Germain
89%
Scotland Champions League 2003-04 GS Rangers
89%
Scotland Champions League 2010-11 GS Rangers
89%
Scotland Europa League 2024-25 GS Rangers
89%
Italy Champions League 2006-07 QF AS Roma
86%
Italy Champions League 2007-08 GS AS Roma
86%
Italy Champions League 2007-08 QF AS Roma
86%
Italy Europa League 2020-21 SF AS Roma
86%
Portugal European Cup 1965-66 QF Benfica
86%
Portugal European Cup 1967-68 Final Benfica
86%
Portugal Champions League 2005-06 GS Benfica
86%
Portugal Champions League 2006-07 GS Benfica
86%
Portugal Champions League 2011-12 GS Benfica
86%
Portugal Champions League 2017-18 GS Benfica
86%
Denmark Champions League 2006-07 GS FC Copenhagen
86%
Denmark Europa League 2019-20 QF FC Copenhagen
86%
Denmark Champions League 2023-24 GS FC Copenhagen
86%
France Champions League 1999-00 GS1 Olympique Marseille
86%
France Champions League 2010-11 R16 Olympique Marseille
86%
England Champions League 2007-08 Final Chelsea
84%
England Champions League 2010-11 QF Chelsea
84%
Turkey Champions League 1993-94 R2 Galatasaray
84%
Turkey Champions League 1994-95 GS Galatasaray
84%
Turkey Champions League 2012-13 GS Galatasaray
84%
Turkey Champions League 2023-24 GS Galatasaray
84%
Netherlands UEFA Cup 1984-85 R2 PSV Eindhoven
84%
Netherlands Champions League 2000-01 GS1 PSV Eindhoven
84%
Netherlands Champions League 2015-16 GS PSV Eindhoven
84%
Italy European Super Cup 1999-00 Final Lazio
82%
Spain UEFA Cup 1982-83 R1 Valencia
82%
Spain Champions League 1999-00 GS2 Valencia
82%
Spain Champions League 2000-01 GS2 Valencia
82%
Spain Champions League 2010-11 GS Valencia
82%
Spain Champions League 2018-19 GS Valencia
82%
Spain Champions League 2005-06 GS Villarreal
82%
Spain Champions League 2008-09 GS Villarreal
82%
Spain Europa League 2020-21 Final Villarreal
82%
Spain Champions League 2021-22 GS Villarreal
82%
France Champions League 2004-05 GS Olympique Lyon
80%
France Champions League 2007-08 R16 Olympique Lyon
80%
England Champions League 2008-09 SF Arsenal
77%
Turkey Champions League 1996-97 GS Fenerbahce
77%
Turkey Champions League 2004-05 GS Fenerbahce
77%
Turkey Europa League 2016-17 GS Fenerbahce
77%
Turkey Europa League 2024-25 GS Fenerbahce
77%
Spain Champions League 2017-18 R16 Sevilla
77%
Spain Europa League 2019-20 SF Sevilla
77%
Spain Europa League 2022-23 QF Sevilla
77%
Belgium Champions League 2015-16 PO Club Brugge
75%
Belgium Europa League 2019-20 R32 Club Brugge
75%
England Europa League 2015-16 R16 Liverpool
75%
France Champions League 2001-02 GS1 LOSC Lille
75%
France Champions League 2005-06 GS LOSC Lille
75%
France Champions League 2006-07 R16 LOSC Lille
75%
Belgium European Cup 1956-57 PR RSC Anderlecht
75%
Belgium European Cup 1968-69 R2 RSC Anderlecht
75%
Belgium Champions League 2000-01 GS1 RSC Anderlecht
75%
Belgium Europa League 2016-17 QF RSC Anderlecht
75%
Germany Champions League 2002-03 GS1 Bayer Leverkusen
73%
Germany Champions League 2013-14 GS Bayer Leverkusen
73%
Netherlands Champions League 1997-98 GS Feyenoord
73%
Netherlands Europa League 2016-17 GS Feyenoord
73%
Portugal Cup Winners Cup 1963-64 QF Sporting Lisbon
73%
Portugal Champions League 2007-08 GS Sporting Lisbon
73%
Switzerland Champions League 2021-22 GS Young Boys
73%
Russia European Super Cup 2008-09 Final Zenit Saint Petersburg
73%
Spain European Cup 1956-57 QF Athletic Bilbao
70%
Spain Europa League 2011-12 R16 Athletic Bilbao
70%
Ukraine Champions League 2000-01 GS1 Dynamo Kyiv
70%
Ukraine Champions League 2007-08 GS Dynamo Kyiv
70%
Greece Champions League 2000-01 GS2 Panathinaikos
70%
Greece Champions League 2003-04 GS Panathinaikos
70%
Germany Champions League 2020-21 GS RB Leipzig
70%
Spain Europa League 2022-23 R16 Real Betis
70%
Turkey Champions League 2009-10 GS Besiktas
68%
Spain Champions League 2013-14 GS Real Sociedad
68%
Spain Europa League 2020-21 R32 Real Sociedad
68%
Spain Europa League 2022-23 GS Real Sociedad
68%
Yugoslavia European Cup 1957-58 QF Red Star Belgrade
68%
Yugoslavia European Super Cup 1991-92 Final Red Star Belgrade
68%
England Cup Winners Cup 1963-64 R1 Tottenham Hotspur
68%
Russia Champions League 2009-10 GS CSKA Moscow
66%
Russia Champions League 2015-16 GS CSKA Moscow
66%
Russia Champions League 2017-18 GS CSKA Moscow
66%
Switzerland Champions League 2002-03 GS2 FC Basel
66%
Switzerland Champions League 2011-12 GS FC Basel
66%
Switzerland Champions League 2017-18 GS FC Basel
66%
Switzerland Champions League 2018-19 GS FC Basel
66%
Netherlands Europa League 2024-25 GS FC Twente
66%
Czech Republic Champions League 2004-05 GS Sparta Prague
66%
Germany Champions League 2003-04 GS VfB Stuttgart
66%
Germany Champions League 2010-11 SF Schalke 04
64%
Germany Champions League 2009-10 GS VfL Wolfsburg
64%
Germany Champions League 2015-16 GS VfL Wolfsburg
64%
France Champions League 1999-00 GS2 Bordeaux
61%
Greece Champions League 2001-02 GS1 Olympiakos
61%
Greece Champions League 2002-03 GS1 Olympiakos
61%
Greece Champions League 2013-14 R16 Olympiakos
61%
Greece Europa League 2024-25 GS PAOK Salonika
61%
Portugal Champions League 2012-13 GS SC Braga
61%
Ukraine Champions League 2013-14 GS Shakhtar Donetsk
61%
Romania Europa League 2024-25 GS Steaua Bucharest
61%
France Champions League 1997-98 QF AS Monaco
59%
Italy Champions League 2021-22 GS Atalanta
59%
Romania Champions League 2012-13 GS CFR Cluj
59%
Croatia Champions League 1999-00 GS1 Croatia Zagreb
59%
Yugoslavia European Cup 1965-66 SF Partizan
59%
Serbia Europa League 2019-20 GS Partizan
59%
Italy Champions League 1999-00 GS2 Fiorentina
57%
Austria European Cup 1968-69 QF Rapid Vienna
57%
Austria Champions League 1996-97 GS Rapid Vienna
57%
Spain Europa League 2016-17 SF Celta Vigo
55%
France Cup Winners Cup 1977-78 R1 Saint-Etienne
55%
France Europa League 2016-17 R32 Saint-Etienne
55%
Spain Champions League 2001-02 GS1 Deportivo La Coruna
52%
Spain Champions League 2001-02 QF Deportivo La Coruna
52%
Spain Champions League 2002-03 GS2 Deportivo La Coruna
52%
Yugoslavia Fairs Cup 1964-65 SF Ferencvaros
52%
Sweden Champions League 1994-95 GS IFK Goteborg
52%
Netherlands Europa League 2019-20 GS AZ Alkmaar
50%
France Champions League 2001-02 GS2 Nantes
50%
Czech Republic Europa League 2024-25 GS Viktoria Plzen
50%
Norway Europa League 2024-25 GS Bodo/Glimt
48%
Israel Champions League 2002-03 GS1 Maccabi Haifa
48%
Kazakhstan Europa League 2019-20 GS Astana
45%
Germany Champions League 2001-02 SF Bayer Leverkusen
45%
Poland Cup Winners Cup 1990-91 SF Legia Warsaw
45%
Moldova Europa League 2022-23 GS Sheriff Tiraspol
45%
Portugal Champions League 2001-02 GS2 Boavista
43%
Finland European Cup 1965-66 PR HJK Helsinki
43%
Denmark Champions League 1998-99 GS Brondby IF
41%
France Cup Winners Cup 1990-91 QF Montpellier
41%
Austria Champions League 1999-00 GS1 Sturm Graz
41%
Austria Champions League 2000-01 GS2 Sturm Graz
41%
Republic of Ireland European Cup 1957-58 PR Shamrock Rovers
39%
Denmark Champions League 2008-09 GS AaB Aalborg
36%
Turkey Champions League 2010-11 GS Bursaspor
36%
Cyprus Europa League 2022-23 GS Omonia Nicosia
36%
Scotland UEFA Cup 1984-85 R3 Dundee United
34%
Turkey Champions League 2020-21 GS Istanbul Basaksehir
34%
Hungary Champions League 2005-06 QR3 Debrecen
32%
England Fairs Cup 1964-65 R3 Everton
32%
Denmark Europa League 2015-16 R32 FC Midtjylland
32%
Spain Europa League 2020-21 QF Granada
32%
Wales Cup Winners Cup 1990-91 R2 Wrexham
32%
Austria Europa League 2019-20 R16 LASK
27%
Russia Europa League 2016-17 R16 FC Rostov
25%
France Fairs Cup 1964-65 QF RC Strasbourg
25%
Slovakia Champions League 1997-98 GS Kosice
20%
Ukraine Europa League 2016-17 GS Zorya Luhansk
20%
Malta European Cup 1967-68 R1 Hibernians
18%
Romania Champions League 2011-12 GS Otelul Galati
18%
Russia UEFA Cup 1992-93 R1 Torpedo Moscow
18%
Hungary UEFA Cup 1984-85 QF Videoton
18%
Russia UEFA Cup 1995-96 R1 Rotor Volgograd
16%
Netherlands Cup Winners Cup 1963-64 PR Willem II
14%
Romania Champions League 2004-05 QR3 Dinamo Bucharest
11%
Sweden Fairs Cup 1964-65 R1 Djurgardens IF
11%
Yugoslavia European Cup 1967-68 R2 FK Sarajevo
11%
Poland UEFA Cup 1980-81 R1 Widzew Lodz
11%
Poland European Cup 1967-68 QF Gornik Zabrze
9%
Greece Cup Winners Cup 1991-92 R1 Athinaikos
7%
Poland Champions League 1998-99 QR2 LKS Lodz
7%
East Germany European Cup 1965-66 R1 Vorwarts Berlin
5%
Republic of Ireland European Cup 1968-69 R1 Waterford
5%
Czechoslovakia European Cup 1957-58 R1 Dulka Prague
2%
Czechoslovakia Cup Winners Cup 1983-84 R1 Dulka Prague
2%
Hungary Champions League 1993-94 R1 Kispest Honved
2%
Hungary Cup Winners Cup 1990-91 R1 Pecsi Munkas
2%
Hungary UEFA Cup 1984-85 R1 Raba ETO Gyor
2%
Hungary Champions League 2002-03 QR3 Zalaegerszeg
2%
Bulgaria Cup Winners Cup 1983-84 R2 Spartak Varna
0%
No matching quizzes found
Score Distribution
Percent of People with Each Score
Percentile by Number Answered
Your Score History
You have not taken this quiz